Líneas y criterios Jurisprudenciales de la sala de lo constitucional 2001 (Registro nro. 8144)
[ vista simple ]
| 000 -LEADER | |
|---|---|
| fixed length control field | 00693nam a2200193Ia 4500 |
| 005 - FECHA Y HORA DE LA ÚLTIMA TRANSACCIÓN | |
| control field | 20230518091447.0 |
| 008 - FIXED-LENGTH DATA ELEMENTS--GENERAL INFORMATION | |
| fixed length control field | 230508s9999 xx 000 0 und d |
| 040 ## - CATALOGING SOURCE | |
| Original cataloging agency | UPAN |
| Transcribing agency | Biblioteca San Vicente |
| Description conventions | RCAA2 |
| 041 ## - LANGUAGE CODE | |
| Language code of text/sound track or separate title | spa |
| 082 ## - DEWEY DECIMAL CLASSIFICATION NUMBER | |
| Classification number | 342.728 4 |
| Item number | H476l |
| 100 ## - MAIN ENTRY--PERSONAL NAME | |
| Personal name | Hernández Valiente, Rene |
| Relator code | aut. |
| 245 #0 - TITLE STATEMENT | |
| Title | Líneas y criterios Jurisprudenciales de la sala de lo constitucional 2001 |
| Statement of responsibility, etc | René Hernández Valiente |
| 260 ## - PUBLICATION, DISTRIBUTION, ETC. (IMPRINT) | |
| Place of publication, distribution, etc | El Salvador: |
| Name of publisher, distributor, etc | Corte Suprema de Justicia, |
| Date of publication, distribution, etc | 2003 |
| 300 ## - PHYSICAL DESCRIPTION | |
| Extent | 219 p.; |
| Dimensions | 22 cm. |
| 505 ## - FORMATTED CONTENTS NOTE | |
| Formatted contents note | Índice temático<br/>Amparo<br/>Habeas corpus<br/>Inconstitucionalidades |
| 650 ## - SUBJECT ADDED ENTRY--TOPICAL TERM | |
| Source of heading or term | LEMB |
| General subdivision | Derecho Constitucional |
| Geographic subdivision | El Salvador |
| 700 ## - ADDED ENTRY--PERSONAL NAME | |
| Personal name | Celia Majano |
| 942 ## - ADDED ENTRY ELEMENTS (KOHA) | |
| Koha item type | Libros |
| Source of classification or shelving scheme | Dewey Decimal Classification |
| Withdrawn status | Lost status | Source of classification or shelving scheme | Damaged status | Not for loan | Collection code | Home library | Current library | Date acquired | Total Checkouts | Full call number | Barcode | Date last seen | Price effective from | Koha item type |
|---|---|---|---|---|---|---|---|---|---|---|---|---|---|---|
| Dewey Decimal Classification | Colección General | Biblioteca UPAN San Vicente | Biblioteca UPAN San Vicente | 08/05/2023 | 342.728 4 H476l | 12000646 | 08/05/2023 | 08/05/2023 | Libros |